000 01366nam a22002057a 4500
003 OSt
005 20230828185326.0
008 230828b ||||| |||| 00| 0 spa d
020 _a9780307392503
040 _cCO-MqBPB
082 _aAN
_bGRIi
100 _aGrisham, John,
_d1955-
245 _aEl informe pelícano/
_cJohn Grisham; traducción Enric Tremps
260 _aEspaña:
_bRandom House Mondadori,
_c2008
300 _a460 p. ;
_bTapa Rústica,
_c19 cm
490 _a1a.ed.
500 _aDos jueces del Tribunal Supremo aparecen muertos.Solo una persona ha conectado ambos crímenes, y lo ha hecho por escrito en un informe judicial. En Nueva Orleans, la brillante, bella y ambiciosa estudiante de derecho Darby Shaw intuye que lo especulado en su informe ha llegado a oídos de los más altos poderes de Washington y causará un oleaje difícil de controlar. Un oleaje que reducirá a partículas al novio de Darcy tras la explosión de una bomba, un oleaje que enviará a asesinos a sueldo por su cabeza, un oleaje que la perseguirá por todo el país mientras ella intenta dar con el reportero de investigación Gray Granthm, el único hombre que está tan cerca de la verdad como ella. «No dudo en recomendarla... es realmente imposible dejar de leer esta novela.» Frederick Forsyth
650 _a Novela estadounidense
942 _2ddc
_cBKLIT
999 _c14984
_d14984